Viaje por la juventud

में बचाया:
ग्रंथसूची विवरण
मुख्य लेखक: Abarca, Luis Alfonso
अन्य लेखक: Forch, Juan E.
स्वरूप: पुस्तक
भाषा:स्पेनिश
प्रकाशित: Santiago Empresa Editora Nacional Quimantú 1972
विषय:
टैग: टैग जोड़ें
कोई टैग नहीं, इस रिकॉर्ड को टैग करने वाले पहले व्यक्ति बनें!

MARC

LEADER 00000nam a22000005a 4500
003 CL-ChBUA
005 20120815091601.0
008 081128s1972 cl ||||| |||| 000 ||spa
040 |a CL-ChBUA  |c CL-ChBUA 
082 0 0 |a 305.235983 
090 |c 25413  |d 25413 
100 1 |a Abarca, Luis Alfonso 
245 1 0 |a Viaje por la juventud 
260 |a Santiago  |b Empresa Editora Nacional Quimantú  |c 1972 
300 |a 93 p. 
504 |a Il.,índice 
650 4 |a JUVENTUD - CHILE 
700 1 |a Forch, Juan E. 
942 |c LIB 
952 |0 0  |1 0  |2 ddc  |4 0  |6 305_235983000000000_AB_118  |7 0  |9 59920  |a UNACH  |b UNACH  |c 300  |d 2008-11-28  |i 8.900  |l 0  |o 305.235983 / Ab 118  |p 61055  |r 2012-12-27 00:00:00  |u 59920  |w 2012-08-08  |y LIB 
999 |c 25413  |d 25413